Fotos das capitais europeias – Morte súbita - Statistics

Estatísticas Gerais
  • Esse quiz foi jogado 142 vezes
  • A pontuação média é 9 de 20
Answers on the Grid
Answers color-coded by a green-red scale on the quiz's grid according to % correct below.
 
Estatísticas das Respostas
Resposta % Correto
Rome
86%
Paris
81%
Berlin
66%
Bern
53%
Prague
53%
Amsterdam
51%
Tallinn
49%
Copenhague
49%
Madrid
49%
Vienne
47%
Lisbonne
47%
Riga
46%
Bratislava
43%
Bruxelles
41%
Stockholm
41%
Vaduz
39%
Monaco
37%
Helsinki
34%
Dublin
13%
Oslo
11%
Nenhum quiz correspondente encontrado
Distribuição das Pontuações
Porcentagem de Pessoas com Cada Pontuação
Percentil de Números Respondidos
Sua Pontuação Histórica
Você não jogou esse quiz